|
|
|
|
| LEADER |
01396nam a2200277 a 4500 |
| 001 |
31072 |
| 003 |
BD-DhAAL |
| 005 |
20211125105331.0 |
| 008 |
160510s2016 ii ||||| b||| 001 0 eng d |
| 999 |
|
|
|c 37418
|d 37418
|
| 020 |
|
|
|a 9789351437116
|
| 040 |
|
|
|a BD-DhAAL
|c BD-DhAAL
|
| 082 |
|
|
|2 23
|a 343.5409944
|
| 100 |
|
|
|a Gupta, Apar
|9 19512
|
| 245 |
|
|
|a Commentary on information technology act :
|b along with rules, regulations, orders, guidelines, reports and policy documents /
|c Revised by Akshay Sapre
|
| 260 |
|
|
|a Haryana :
|b LexisNexis,
|c 2016
|
| 300 |
|
|
|a lxix, 974 pages :
|b illustrations ;
|c 24 cm
|
| 504 |
|
|
|a Includes index and bibliographical refrences
|
| 526 |
|
|
|a SOL
|
| 541 |
|
|
|e 31072, 31073
|
| 650 |
|
|
|a Electronic commerce
|x Law and legislation
|z India.
|9 19513
|
| 650 |
|
|
|a Law.
|9 43124
|
| 942 |
|
|
|2 ddc
|c BK
|
| 952 |
|
|
|0 0
|1 0
|2 ddc
|4 0
|6 343_540994400000000_GUP
|7 0
|9 58880
|a BRACUL
|b BRACUL
|c GEN
|d 2016-04-27
|e Trim Education
|g 2788.00
|l 0
|o 343.5409944 GUP
|p 3010031072
|r 2016-04-28
|t 1
|v 2788.00
|w 2016-04-27
|y BK
|
| 952 |
|
|
|0 0
|1 0
|2 ddc
|4 0
|6 343_540994400000000_GUP
|7 0
|9 58881
|a BRACUL
|b BRACUL
|c GEN
|d 2016-04-27
|e Trim Education
|g 2788.00
|l 0
|o 343.5409944 GUP
|p 3010031074
|r 2016-04-28
|t 2
|v 2788.00
|w 2016-04-27
|y BK
|
| 952 |
|
|
|0 0
|1 0
|2 ddc
|4 0
|6 343_540994400000000_GUP
|7 0
|9 58882
|a BRACUL
|b BRACUL
|c GEN
|d 2016-04-27
|e Trim Education
|g 2788.00
|l 0
|o 343.5409944 GUP
|p 3010031073
|r 2016-04-28
|t 3
|v 2788.00
|w 2016-04-27
|y BK
|